000 01693cam a22004337a 4500
003 CHAP
005 20220329142638.0
008 020731d2002 es ab r 00110 spa d
010 _a86015
011 _a86987
020 _a848476026X
035 _a97528
040 _cCHAP
082 0 4 _a595.7
_bR63 2002
100 0 0 _aRomanyk Mudryk, N.
_e, coord.
_999499
245 1 0 _aPlagas de insectos en las masas forestales
_c/coord. por N. Romanyk Mundryk y D. Cadahía Cicuéndez
250 _aed. rev.
260 _aMadrid :
_bMundi-Prensa,
_c2002
300 _a336 p. :
_bilus. ; mapa
590 _aBATCH-UPD
_b10
_c20130110
_lUCH01
_h0455
590 _aBATCH-UPD
_b10
_c20130410
_lUCH01
_h0133
590 _aBATCH-UPD
_b10
_c20130410
_lUCH01
_h1550
590 _aBATCH-UPD
_b10
_c20130914
_lUCH01
_h0722
590 _aCONVERSION
_b10
_c20130109
_lUCH01
_h1348
650 1 4 _aÁrboles
_xPlagas.
_982440
650 1 4 _aBosques
_xPlagas.
_914363
650 1 4 _aInsectos.
_958888
650 1 4 _aInsectos
_xBiología.
_958897
650 1 4 _aInsectos
_xControl.
_958908
700 0 _aCadahía Cicuéndez, D.
_917031
901 _aBK
905 _aMarco A. Mendoza T.
942 _cLIBRO
949 _a595.7 R63 2002
_bBC
_cLIBRO
_d33724000869954
_eLIBRO
_gI.c/e
_h102848
_i97528
_si
_t$459.00
949 _a595.7 R63 2002
_bBC
_cLIBRO
_d33724000973566
_eLIBRO
_fc.3
_gI.223927
_h106120
_i97528
_si
_t$713.00
949 _a595.7 R63 2002
_bBC
_cLIBRO
_d33724000973624
_eLIBRO
_fc.2
_gI.223926
_h106119
_i97528
_si
_t$713.00
949 _a595.7 R63 2002
_bBC
_cLIBRO
_d33724000974606
_eLIBRO
_fc.4
_gI.223591
_h106064
_i97528
_si
_t$713.00
949 _a595.7 R63 2002
_bBC
_cLIBRO
_d33724002046603
_eLIBRO
_fc.5
_gI.c/e.
_h109362
_i97528
_si
_t$713.00
999 _c86015
_d86015